Las ciudades de la final de la Eurocopa - Estadísticas

Estadísticas generales
  • Esta prueba ha sido intentada 36 veces
  • La puntuación promedio es 13 de 17
Estadísticas de respuestas
Año Ciudad % Correcto
2024 Berlín
100%
1960 París
96%
1984 París
96%
2016 Saint-Denis
96%
2012 Kiev
92%
2004 Lisboa
92%
1964 Madrid
92%
1996 Londres
88%
2020 Londres
88%
1968 Roma
84%
1980 Roma
84%
2008 Viena
76%
1972 Bruselas
68%
1988 Múnich
52%
1976 Belgrado
48%
2000 Rotterdam
36%
1992 Gotemburgo
4%
No se encontraron pruebas coincidentes
Distribución de puntuación
Porcentaje de gente con cada puntuación
Porcentaje por número respondido
Historial de tus puntuaciones
No has intentado esta prueba.